[Event "Bahn-SC Wuppertal 1 - DJK Aufwärts Aach"]
[Site "Oberliga NRW 2016/2017"]
[Date "2017.02.12"]
[Round "6.7"]
[White "Tochtenhagen, Wolfgang"]
[Black "Tueckmantel, Rene"]
[Result "0-1"]
[WhiteElo "2072"]
[BlackElo "2093"]
[Annotator "Daniel"]
[PlyCount "156"]
[EventDate "2017.??.??"]
[WhiteTeam "DJK Aufwärts Aachen 2"]
[BlackTeam "Bahn-SC Wuppertal 1"]

1. e4 e5 2. Nf3 Nc6 3. Bb5 a6 4. Ba4 Nf6 5. O-O Be7 6. Re1 b5 7. Bb3 O-O 8. c3
d6 9. h3 Na5 10. Bc2 c5 11. d4 Qc7 12. d5 Bd7 13. Nbd2 c4 14. Nf1 Nb7 15. g4
Nc5 16. Ng3 g6 17. Bh6 Rfb8 18. Qd2 Ne8 19. Nh2 Ng7 20. Kg2 a5 21. a3 Nb3 22.
Bxb3 cxb3 23. Nhf1 Qd8 24. f3 Ne8 25. Qe3 Nc7 26. Nd2 a4 27. Rh1 Na6 28. h4 Qb6
29. h5 Qxe3 30. Bxe3 $11 Nc5 31. Rab1 Nd3 32. Rhd1 Rc8 33. Ndf1 Nc5 34. Rd2 Nb7
35. Re2 Na5 36. Nd2 f6 37. Rh1 Kg7 38. hxg6 hxg6 39. Bh6+ Kf7 40. Be3 Rh8 41.
Ree1 Nb7 42. Rxh8 Rxh8 43. Rh1 Rxh1 44. Nxh1 f5 45. gxf5 gxf5 46. Nf2 f4 47.
Bb6 Nc5 48. Kf1 Bc8 49. Ba5 Bh4 50. Nd1 Nd3 51. Nb1 Ba6 52. Bb4 Ke7 53. Ke2 Nc5
54. Nd2 Kd7 55. Nf1 Kc7 56. Nh2 Bc8 57. Nf1 Bd7 58. Nd2 Be8 59. Ba5+ Kc8 60.
Bb4 Kd8 61. Ba5+ Ke7 62. Bc7 Kd7 63. Ba5 Bh5 64. Bb6 Ke7 65. Bc7 Be8 66. Ba5
Bd7 67. Bb4 Ke8 68. Ba5 Bc8 69. Bb4 Bd8 70. Nf2 Bb6 71. Nd3 Nxd3 72. Kxd3 Ke7
73. Ke2 Be3 74. Ba5 Bh3 75. Bb4 Bg2 76. c4 Bd4 77. cxb5 Bxb2 78. Nc4 Bd4 {ZÃo}
0-1

[Event "Bahn-SC Wuppertal 1 - DJK Aufwärts Aach"]
[Site "Oberliga NRW 2016/2017"]
[Date "2017.02.12"]
[Round "6.8"]
[White "Werbeck, Torsten"]
[Black "Andok, Claus Michael"]
[Result "1/2-1/2"]
[WhiteElo "2064"]
[BlackElo "2088"]
[PlyCount "30"]
[EventDate "2017.??.??"]
[WhiteTeam "Bahn-SC Wuppertal 1"]
[BlackTeam "DJK Aufwärts Aachen 2"]

1. d4 g6 2. c4 Bg7 3. Nc3 c5 4. d5 Bxc3+ 5. bxc3 Qa5 6. Qc2 d6 7. e4 Nf6 8. Bd3
Nbd7 9. f4 b5 10. Rb1 bxc4 11. Bxc4 O-O 12. Rb5 Qc7 13. Rb2 Qa5 14. Rb5 Qc7 15.
Rb2 Qa5 1/2-1/2

[Event "SK Königsspringer Iserlohn 1 - Klub Köl"]
[Site "Oberliga NRW 2016/2017"]
[Date "2017.02.12"]
[Round "6.1"]
[White "Strohhaeker, Raoul"]
[Black "Scheider, Julian"]
[Result "1-0"]
[WhiteElo "2389"]
[BlackElo "2296"]
[PlyCount "97"]
[EventDate "2017.??.??"]
[WhiteTeam "Klub Kölner SF 1"]
[BlackTeam "SK Königsspringer Iserlohn 1"]

1. Nf3 Nf6 2. c4 g6 3. Nc3 d5 4. e3 Bg7 5. cxd5 Nxd5 6. Bc4 Nb6 7. Be2 O-O 8.
O-O c5 9. d3 Na6 10. a3 Nd5 11. Qc2 b6 12. Rd1 Bb7 13. Bd2 Nac7 14. Rac1 Qd7
15. d4 cxd4 16. Nxd4 Bxd4 17. exd4 Ne6 18. Bh6 Rfc8 19. Qd2 Rc7 20. Bg4 Rac8
21. Re1 Nxc3 22. bxc3 Bd5 23. Bf4 Rc4 24. Be5 Qc6 25. Qh6 f6 26. Bg3 Rxc3 27.
Rcd1 Re8 28. h4 Ng7 29. Rc1 b5 30. Qd2 Rc4 31. Be2 Bxg2 32. Bxc4+ bxc4 33. Qb4
Bd5 34. Rxe7 Rxe7 35. Qxe7 Nf5 36. Qxa7 Bh1 37. Qb8+ Kf7 38. Qc7+ Qxc7 39. Bxc7
Bd5 40. Bg3 Nxd4 41. Kf1 Nb3 42. Rd1 Ke6 43. Ke2 Nc5 44. Ke3 g5 45. hxg5 fxg5
46. Kd4 Nb3+ 47. Kc3 h5 48. Re1+ Kf6 49. Bd6 1-0

[Event "SK Königsspringer Iserlohn 1 - Klub Köl"]
[Site "Oberliga NRW 2016/2017"]
[Date "2017.02.12"]
[Round "6.2"]
[White "Schmitz, Philipp"]
[Black "Morawietz, Dieter"]
[Result "0-1"]
[WhiteElo "2140"]
[BlackElo "2381"]
[PlyCount "76"]
[EventDate "2017.??.??"]
[WhiteTeam "SK Königsspringer Iserlohn 1"]
[BlackTeam "Klub Kölner SF 1"]

1. e4 e6 2. d4 d5 3. Nc3 Bb4 4. e5 Ne7 5. a3 Bxc3+ 6. bxc3 c5 7. Qg4 cxd4 8.
Qxg7 Rg8 9. Qxh7 Qc7 10. Ne2 dxc3 11. f4 Nbc6 12. Qd3 d4 13. Nxd4 Nxd4 14. Qxd4
Bd7 15. Rg1 Nf5 16. Qf2 Qc6 17. Bd3 Qd5 18. Bxf5 exf5 19. Be3 O-O-O 20. Rd1 Qa2
21. Bc5 Bc6 22. Bd6 b6 23. Qe2 Kb7 24. Qd3 Qe6 25. Qxc3 Qh6 26. Qc4 Qxh2 27.
Kd2 Be4 28. Qxf7+ Ka8 29. Kc1 Rc8 30. Kb2 Rxc2+ 31. Ka1 Qg3 32. Bb4 Rgc8 33.
Rd7 Rc1+ 34. Rxc1 Rxc1+ 35. Kb2 Qxg2+ 36. Bd2 Rc2+ 37. Kb3 Qf3+ 38. Kb4 Rb2+
0-1

[Event "SK Königsspringer Iserlohn 1 - Klub Köl"]
[Site "Oberliga NRW 2016/2017"]
[Date "2017.02.12"]
[Round "6.3"]
[White "Wacker, Peter"]
[Black "Eckardt, Joshua"]
[Result "1-0"]
[WhiteElo "2290"]
[BlackElo "2205"]
[PlyCount "75"]
[EventDate "2017.??.??"]
[WhiteTeam "Klub Kölner SF 1"]
[BlackTeam "SK Königsspringer Iserlohn 1"]

1. e4 e6 2. d4 d5 3. Nd2 Nf6 4. e5 Nfd7 5. Bd3 c5 6. c3 Nc6 7. Ne2 cxd4 8. cxd4
f6 9. exf6 Nxf6 10. Nf3 Bd6 11. O-O O-O 12. Bf4 Bxf4 13. Nxf4 Ne4 14. Qc1 Ng5
15. Nxg5 Qxg5 16. Bxh7+ Kxh7 17. Nxe6 Qf6 18. Nxf8+ Qxf8 19. Qg5 Qf5 20. Qxf5+
Bxf5 21. Rfe1 Rd8 22. Rad1 Rd7 23. h4 Kh6 24. f3 Rf7 25. g4 Bd7 26. Kg2 Rf4 27.
Kg3 Rxd4 28. Rxd4 Nxd4 29. Re7 Bc6 30. f4 Kg6 31. h5+ Kf6 32. Rc7 Ne2+ 33. Kf3
Nd4+ 34. Ke3 Ne6 35. g5+ Kf5 36. Rf7+ Kg4 37. h6 d4+ 38. Kd2 1-0

[Event "SK Königsspringer Iserlohn 1 - Klub Köl"]
[Site "Oberliga NRW 2016/2017"]
[Date "2017.02.12"]
[Round "6.4"]
[White "Franke, Thomas"]
[Black "Helbig, Mark"]
[Result "0-1"]
[WhiteElo "2093"]
[BlackElo "2317"]
[PlyCount "56"]
[EventDate "2017.??.??"]
[WhiteTeam "SK Königsspringer Iserlohn 1"]
[BlackTeam "Klub Kölner SF 1"]

1. c4 e6 2. g3 d5 3. Bg2 dxc4 4. Nf3 Nd7 5. Qc2 a6 6. O-O Ngf6 7. a4 Be7 8. Na3
O-O 9. Nxc4 c5 10. Rd1 Nd5 11. e4 Nb4 12. Qb3 b5 13. axb5 Bb7 14. bxa6 Bxe4 15.
d3 Bd5 16. Bf4 Nxa6 17. Qb5 Nc7 18. Qb3 Na6 19. Qb5 Nb4 20. Nfe5 Rxa1 21. Rxa1
Nxe5 22. Bxd5 Nexd3 23. Bf3 Nxf4 24. gxf4 Qd4 25. Qb7 Bh4 26. Ne5 Nd5 27. Kh1
Qxf4 28. Ra8 Qxe5 0-1

[Event "SK Königsspringer Iserlohn 1 - Klub Köl"]
[Site "Oberliga NRW 2016/2017"]
[Date "2017.02.12"]
[Round "6.5"]
[White "Bonnmann, Reinhard"]
[Black "Messarius, Juergen"]
[Result "0-1"]
[WhiteElo "2243"]
[BlackElo "2137"]
[PlyCount "84"]
[EventDate "2017.??.??"]
[WhiteTeam "Klub Kölner SF 1"]
[BlackTeam "SK Königsspringer Iserlohn 1"]

1. d4 g6 2. e4 c6 3. c4 d5 4. exd5 cxd5 5. Nc3 dxc4 6. Bxc4 Bg7 7. Nf3 Nf6 8.
O-O O-O 9. Re1 Bg4 10. h3 Bxf3 11. Qxf3 Nc6 12. d5 Nd4 13. Qd1 Nf5 14. Bf4 Rc8
15. Bb3 Nd7 16. Qe2 a6 17. Rad1 Re8 18. Qf3 b5 19. d6 e6 20. Qb7 Nc5 21. Qa7
Qd7 22. Qxd7 Nxd7 23. Rc1 Nd4 24. Bd1 e5 25. Nd5 Rxc1 26. Bxc1 Re6 27. a4 Rxd6
28. Nc3 Nc5 29. Ne4 Nxe4 30. Rxe4 Rc6 31. Bd2 f5 32. Re1 Nc2 33. axb5 axb5 34.
Bxc2 Rxc2 35. Bc3 e4 36. Rb1 Bf8 37. Bd4 b4 38. Rd1 Bg7 39. g4 Bxd4 40. Rxd4
Rxb2 41. gxf5 gxf5 42. Rd5 b3 0-1

[Event "SK Königsspringer Iserlohn 1 - Klub Köl"]
[Site "Oberliga NRW 2016/2017"]
[Date "2017.02.12"]
[Round "6.6"]
[White "Kind, Bertram"]
[Black "Wisskirchen, Andreas"]
[Result "1/2-1/2"]
[WhiteElo "2166"]
[BlackElo "2176"]
[Annotator "Daniel"]
[PlyCount "154"]
[EventDate "2017.??.??"]
[WhiteTeam "SK Königsspringer Iserlohn 1"]
[BlackTeam "Klub Kölner SF 1"]

1. e4 c5 2. Nc3 Nc6 3. f4 g6 4. Nf3 Bg7 5. Bc4 e6 6. f5 Nge7 7. fxe6 dxe6 8. d3
O-O 9. O-O Na5 10. Qe1 Nxc4 11. dxc4 Nc6 12. Bg5 f6 13. Be3 Qe7 14. Rd1 b6 15.
Bf4 Nd4 16. e5 Nxf3+ 17. Rxf3 fxe5 18. Bxe5 Rxf3 19. gxf3 Qg5+ 20. Bg3 Bd4+ 21.
Kg2 Qf5 22. Qe4 Qxe4 23. Nxe4 Ba6 24. c3 Bg7 25. b3 Bb7 26. Rd3 h6 27. a3 Kf8
28. b4 Bxe4 29. fxe4 Ke8 30. bxc5 bxc5 31. Rd6 Ke7 32. Rc6 Bxc3 33. Rxc5 Rd8
34. Rc7+ Rd7 35. Rxd7+ Kxd7 36. Kf3 Kc6 37. Ke3 Bb2 38. a4 Kc5 39. Kd3 a6 40.
Bf2+ Kc6 41. Be3 $11 g5 42. h3 Ba3 43. e5 Bc5 44. Bd2 Kd7 45. Ke4 Ke7 46. Ba5
Kd7 47. Bd2 Be7 48. Be3 Kc6 49. Bf2 Ba3 50. Be3 Bb2 51. Bf2 Bc1 52. Bd4 h5 53.
Bf2 Bf4 54. Bd4 Bd2 55. Kd3 Bc1 56. Ke4 g4 57. hxg4 hxg4 58. Bg1 Bd2 59. Bf2 a5
60. Kd3 Bf4 61. Ke4 g3 62. Bd4 Bd2 63. Kf3 Be1 64. Be3 Bf2 65. Bd2 Kb6 66. Bc3
Kc5 67. Bxa5 Kxc4 68. Bc7 Kb4 69. a5 Kb5 70. Ke2 Kc6 71. Bb8 Kd5 72. Bc7 Bd4
73. Kf3 Kc6 74. Bb8 Kb5 75. Bc7 Bf2 76. Ke2 Bd4 77. Kf3 Bxe5 1/2-1/2

[Event "SK Königsspringer Iserlohn 1 - Klub Köl"]
[Site "Oberliga NRW 2016/2017"]
[Date "2017.02.12"]
[Round "6.7"]
[White "Ludwig, Peter"]
[Black "Klauke, Stefan"]
[Result "1-0"]
[WhiteElo "2114"]
[BlackElo "2109"]
[PlyCount "57"]
[EventDate "2017.??.??"]
[WhiteTeam "Klub Kölner SF 1"]
[BlackTeam "SK Königsspringer Iserlohn 1"]

1. Nf3 d5 2. c4 d4 3. b4 g6 4. g3 Bg7 5. d3 e5 6. Bg2 Ne7 7. O-O O-O 8. a4 Nd7
9. Nbd2 Rb8 10. Nb3 b6 11. b5 c6 12. bxc6 Nc5 13. Ba3 Nxb3 14. Qxb3 Re8 15. Nd2
Be6 16. Qb5 f5 17. Rfc1 Rc8 18. a5 e4 19. axb6 axb6 20. Bxe7 Rxe7 21. Ra6 Bh6
22. Rd1 Bf7 23. dxe4 Qd6 24. Rxb6 Bxd2 25. Rxd2 fxe4 26. Rb7 Re5 27. Qb2 Qxc6
28. Rxd4 Bxc4 29. Rxc4 1-0

[Event "SK Königsspringer Iserlohn 1 - Klub Köl"]
[Site "Oberliga NRW 2016/2017"]
[Date "2017.02.12"]
[Round "6.8"]
[White "Kramps, Rene"]
[Black "Graf, Peter"]
[Result "1/2-1/2"]
[WhiteElo "2048"]
[BlackElo "1916"]
[PlyCount "84"]
[EventDate "2017.??.??"]
[WhiteTeam "SK Königsspringer Iserlohn 1"]
[BlackTeam "Klub Kölner SF 1"]

1. e4 e5 2. Nf3 Nc6 3. Bc4 Bc5 4. Nc3 a6 5. d3 d6 6. h3 Na5 7. Bb3 Ne7 8. d4
Nxb3 9. axb3 exd4 10. Nxd4 O-O 11. O-O Re8 12. Kh1 d5 13. Nf3 d4 14. Ne2 Nc6
15. Ng3 b5 16. Ng5 Qd6 17. f4 h6 18. e5 Qd7 19. N5e4 Bf8 20. Nh5 Kh8 21. Qf3
Re6 22. Qg3 f5 23. Nd2 Qf7 24. Qf3 Bb7 25. Ng3 Rb8 26. Qf2 Bc5 27. Nf3 Bb6 28.
Qe2 g6 29. Bd2 Rd8 30. Rfd1 Re7 31. Ne1 Qe6 32. Nd3 Red7 33. Kh2 a5 34. Qf2 Ra8
35. Ne2 Ne7 36. Rg1 c5 37. Qh4 Kg7 38. g4 c4 39. Nf2 Bf3 40. Ng3 Bd8 41. Nh5+
Kf7 42. Nf6 Nd5 1/2-1/2

[Event "SV Wattenscheid 1 - SG Porz 2"]
[Site "Oberliga NRW 2016/2017"]
[Date "2017.02.12"]
[Round "6.1"]
[White "Malykin, Vitaly"]
[Black "Koscielski, Janusz"]
[Result "0-1"]
[WhiteElo "2367"]
[BlackElo "2257"]
[PlyCount "76"]
[EventDate "2017.??.??"]
[WhiteTeam "SG Porz 2"]
[BlackTeam "SV Wattenscheid 1"]

1. Nf3 Nf6 2. c4 g6 3. Nc3 Bg7 4. e4 d6 5. d4 O-O 6. Be2 e5 7. O-O Nc6 8. d5
Ne7 9. Nd2 Nd7 10. b4 f5 11. a4 Nf6 12. c5 g5 13. Nc4 h6 14. f3 f4 15. Nb5 Ne8
16. Bd2 Ng6 17. Be1 a6 18. Nc3 Rf7 19. Bf2 Bf8 20. Rb1 Nf6 21. b5 h5 22. b6 g4
23. bxc7 Qxc7 24. Nb6 Rb8 25. Nxc8 Qxc8 26. c6 g3 27. hxg3 fxg3 28. Bxg3 h4 29.
Bh2 Bh6 30. Qd3 Bf4 31. Rxb7 Rfxb7 32. cxb7 Rxb7 33. Nd1 Rg7 34. Qxa6 Qc5+ 35.
Nf2 Nh5 36. Qb5 Qe3 37. Qd3 Bxh2+ 38. Kxh2 Ngf4 0-1

[Event "SV Wattenscheid 1 - SG Porz 2"]
[Site "Oberliga NRW 2016/2017"]
[Date "2017.02.12"]
[Round "6.2"]
[White "Thiel, Thomas"]
[Black "Xu, Xianliang"]
[Result "0-1"]
[WhiteElo "2263"]
[BlackElo "2277"]
[PlyCount "34"]
[EventDate "2017.??.??"]
[WhiteTeam "SV Wattenscheid 1"]
[BlackTeam "SG Porz 2"]

1. e4 c5 2. Nc3 Nc6 3. Bb5 Nd4 4. Bc4 e6 5. Nge2 a6 6. d3 b5 7. Bb3 Nc6 8. O-O
Nf6 9. Ng3 h5 10. Bg5 h4 11. Nh5 h3 12. e5 Nxe5 13. Ne4 Be7 14. Nxg7+ Kf8 15.
Bxf6 Bxf6 16. Nh5 hxg2 17. Re1 Bg7 0-1

[Event "SV Wattenscheid 1 - SG Porz 2"]
[Site "Oberliga NRW 2016/2017"]
[Date "2017.02.12"]
[Round "6.3"]
[White "Fieberg, Samuel"]
[Black "Franke, Johannes"]
[Result "0-1"]
[WhiteElo "2175"]
[BlackElo "2262"]
[PlyCount "112"]
[EventDate "2017.??.??"]
[WhiteTeam "SG Porz 2"]
[BlackTeam "SV Wattenscheid 1"]

1. e4 c6 2. d4 d5 3. e5 Bf5 4. Nf3 e6 5. Be2 Ne7 6. O-O Nd7 7. Nbd2 Bg4 8. h3
Bxf3 9. Nxf3 Nf5 10. Bd3 Be7 11. c3 g6 12. g4 Ng7 13. Bh6 O-O 14. g5 Re8 15.
Bxg7 Kxg7 16. Qd2 Rh8 17. h4 h6 18. Kg2 hxg5 19. hxg5 Rh5 20. Rh1 Bxg5 21. Nxg5
Qxg5+ 22. Qxg5 Rxg5+ 23. Kf3 Rh8 24. Rxh8 Kxh8 25. Rh1+ Kg7 26. Kf4 f6 27.
exf6+ Kxf6 28. Rh7 e5+ 29. dxe5+ Nxe5 30. Be2 Rf5+ 31. Ke3 Nf7 32. f4 g5 33.
fxg5+ Rxg5 34. Rh4 Nd6 35. Ra4 Re5+ 36. Kd2 Ne4+ 37. Kd1 a6 38. Rb4 b5 39. a4
a5 40. Rb3 Nc5 41. Ra3 Nxa4 42. Ra2 Rg5 43. Bf3 Rg1+ 44. Kd2 Nc5 45. Ke3 a4 46.
Bxd5 cxd5 47. Kd4 Nb3+ 48. Kxd5 Rg5+ 49. Kc6 Na5+ 50. Kb6 Nc4+ 51. Kc6 Ke6 52.
Kb7 Kd5 53. Ka6 Kc5 54. b4+ axb3 55. Rh2 b2 56. Rh7 Rg6+ 0-1

[Event "SV Wattenscheid 1 - SG Porz 2"]
[Site "Oberliga NRW 2016/2017"]
[Date "2017.02.12"]
[Round "6.4"]
[White "Sandkamp, Ralph"]
[Black "Gallinnis, Norbert"]
[Result "1-0"]
[WhiteElo "2168"]
[BlackElo "2131"]
[PlyCount "65"]
[EventDate "2017.??.??"]
[WhiteTeam "SV Wattenscheid 1"]
[BlackTeam "SG Porz 2"]

1. c4 Nf6 2. Nc3 e6 3. d4 c5 4. d5 exd5 5. cxd5 Bd6 6. Nf3 Bc7 7. e4 d6 8. Bd3
Ba5 9. O-O O-O 10. Nd2 a6 11. a4 Re8 12. f3 Nbd7 13. Nc4 Bc7 14. Bg5 h6 15. Bh4
Rb8 16. a5 Ne5 17. Nxe5 dxe5 18. Qa4 b5 19. axb6 Rxb6 20. Qc2 Qd6 21. Na4 Rb4
22. Bf2 Nd7 23. Rfc1 Rd4 24. Bf1 c4 25. Bxc4 Bb8 26. Bf1 f5 27. Qc6 Qf8 28.
Bxa6 Bxa6 29. Qxd7 Rd2 30. Bc5 Qf7 31. Qxf7+ Kxf7 32. Rd1 Re2 33. Nc3 1-0

[Event "SV Wattenscheid 1 - SG Porz 2"]
[Site "Oberliga NRW 2016/2017"]
[Date "2017.02.12"]
[Round "6.5"]
[White "Wagenknecht, Uwe"]
[Black "Kaehmann, Joerg"]
[Result "1-0"]
[WhiteElo "2176"]
[BlackElo "2186"]
[PlyCount "59"]
[EventDate "2017.??.??"]
[WhiteTeam "SG Porz 2"]
[BlackTeam "SV Wattenscheid 1"]

1. c4 e6 2. Nf3 Nf6 3. g3 d5 4. Bg2 Be7 5. d4 O-O 6. O-O b6 7. Nc3 Bb7 8. Ne5
Qc8 9. cxd5 exd5 10. Bg5 Qe6 11. Qb3 c6 12. Rfe1 h6 13. Bxf6 gxf6 14. Nd3 f5
15. Nf4 Qf6 16. Rad1 Rd8 17. Qc2 Na6 18. Bh3 Bc8 19. a3 Nc7 20. Nb1 Ne8 21. Nd2
c5 22. dxc5 bxc5 23. Nb3 c4 24. Nd4 Ng7 25. Bg2 Bb7 26. e3 Rab8 27. Rd2 Ba8 28.
Red1 a6 29. Nde2 Rb5 30. Nc3 1-0

[Event "SV Wattenscheid 1 - SG Porz 2"]
[Site "Oberliga NRW 2016/2017"]
[Date "2017.02.12"]
[Round "6.6"]
[White "Hirsch, Stefan"]
[Black "Heedt, Thorsten"]
[Result "1/2-1/2"]
[WhiteElo "2158"]
[BlackElo "2024"]
[Annotator "Daniel"]
[PlyCount "35"]
[EventDate "2017.??.??"]
[WhiteTeam "SV Wattenscheid 1"]
[BlackTeam "SG Porz 2"]

1. e4 g6 2. d4 Bg7 3. Nc3 d6 4. Be3 Nc6 5. h3 e5 6. Nf3 exd4 7. Nxd4 Nge7 8.
Qd2 Be6 9. Nxe6 fxe6 10. Bc4 Qd7 11. O-O-O O-O-O 12. Rhe1 Kb8 $11 13. Ne2 Nc8
14. Nd4 Nxd4 15. Bxd4 Bxd4 16. Qxd4 Nb6 17. Bf1 Qa4 18. Qxa4 1/2-1/2

[Event "SV Wattenscheid 1 - SG Porz 2"]
[Site "Oberliga NRW 2016/2017"]
[Date "2017.02.12"]
[Round "6.7"]
[White "Ramien, David"]
[Black "Schroeder, Wilfried"]
[Result "1/2-1/2"]
[WhiteElo "2044"]
[BlackElo "2164"]
[PlyCount "112"]
[EventDate "2017.??.??"]
[WhiteTeam "SG Porz 2"]
[BlackTeam "SV Wattenscheid 1"]

1. e4 c6 2. d4 d5 3. Nd2 dxe4 4. Nxe4 Bf5 5. Ng3 Bg6 6. h4 h6 7. Nf3 Nd7 8. h5
Bh7 9. Bd3 Bxd3 10. Qxd3 e6 11. Bf4 Qa5+ 12. Bd2 Qc7 13. O-O-O Ngf6 14. Qe2 Bd6
15. Nf5 Bf4 16. Bxf4 Qxf4+ 17. Ne3 O-O-O 18. g3 Qc7 19. Nc4 c5 20. Nfe5 Nb6 21.
Rh4 Nxc4 22. Nxc4 Rd5 23. dxc5 Qxc5 24. Rxd5 exd5 25. Qe5 Rd8 26. Qf5+ Kb8 27.
Ne5 Qa5 28. c3 Qxa2 29. Rb4 Qa1+ 30. Kc2 Qa6 31. Nxf7 Rd7 32. Ne5 Re7 33. f4
Rc7 34. Qd3 Qxd3+ 35. Kxd3 Nxh5 36. g4 Nf6 37. Kd4 Kc8 38. g5 hxg5 39. fxg5 Ne4
40. Kxd5 Nxg5 41. Rg4 Nh7 42. Rh4 Nf6+ 43. Ke6 b6 44. Nf7 Rc6+ 45. Kf5 Nd5 46.
Ke5 Ne7 47. Rh8+ Kc7 48. Rh7 Rg6 49. Kd4 Rg2 50. b4 a6 51. Rh8 Rg4+ 52. Kd3 Nd5
53. Rh1 b5 54. Ne5 Rg3+ 55. Kd4 Nf6 56. Rf1 Kb6 1/2-1/2

[Event "SG Ennepe-Ruhr-Süd 1 - SV Dinslaken 1"]
[Site "Oberliga NRW 2016/2017"]
[Date "2017.02.12"]
[Round "6.1"]
[White "Sielecki, Christof"]
[Black "Lupor, Stefan"]
[Result "1-0"]
[WhiteElo "2399"]
[BlackElo "2283"]
[PlyCount "73"]
[EventDate "2017.??.??"]
[WhiteTeam "SV Dinslaken 1"]
[BlackTeam "SG Ennepe-Ruhr-Süd 1"]

1. Nf3 Nf6 2. c4 g6 3. Nc3 Bg7 4. e4 d6 5. d4 O-O 6. Be2 e5 7. d5 a5 8. Bg5 Na6
9. Nd2 Qe8 10. a3 Bd7 11. b3 h6 12. Be3 Nh7 13. Rb1 f5 14. f3 Nc5 15. Qc2 Qb8
16. O-O Nf6 17. b4 axb4 18. axb4 Na4 19. Ra1 Nxc3 20. Qxc3 Rxa1 21. Rxa1 c6 22.
Qb3 cxd5 23. cxd5 Rc8 24. Bb6 h5 25. Bd3 Bh6 26. Nc4 fxe4 27. fxe4 Bb5 28. Nxe5
Bxd3 29. Nxd3 Nxe4 30. Re1 Re8 31. Qc2 Nd2 32. Re6 Rxe6 33. dxe6 Qe8 34. Qa2
Qc6 35. e7+ d5 36. Qa8+ Kf7 37. Ne5+ 1-0

[Event "SG Ennepe-Ruhr-Süd 1 - SV Dinslaken 1"]
[Site "Oberliga NRW 2016/2017"]
[Date "2017.02.12"]
[Round "6.2"]
[White "Lupor, André"]
[Black "Tereick, Benjamin"]
[Result "0-1"]
[WhiteElo "2189"]
[BlackElo "2405"]
[PlyCount "80"]
[EventDate "2017.??.??"]
[WhiteTeam "SG Ennepe-Ruhr-Süd 1"]
[BlackTeam "SV Dinslaken 1"]

1. d4 d5 2. c4 dxc4 3. e4 Nf6 4. e5 Nd5 5. Bxc4 Nc6 6. Nc3 Nb6 7. Bb5 Bd7 8.
Nf3 e6 9. O-O Nb4 10. Be2 Bc6 11. a3 N4d5 12. Re1 Qd7 13. Ne4 Bb5 14. Bxb5 Qxb5
15. a4 Qd7 16. a5 Nc8 17. a6 b6 18. Bd2 Nce7 19. Qb3 Nc6 20. Rec1 Be7 21. Qc4
Ncb4 22. Bxb4 Bxb4 23. g3 Be7 24. h4 Rc8 25. Qb3 O-O 26. Rc4 f5 27. exf6 gxf6
28. Rc2 Kh8 29. Re2 Rg8 30. Kh2 Rce8 31. Rae1 c6 32. Nc3 Bd6 33. Nxd5 cxd5 34.
Re3 Qg7 35. Nd2 Qg4 36. Kg2 Qxd4 37. Rxe6 Bxg3 38. fxg3 Rxe6 39. Rxe6 Qxd2+ 40.
Kg1 Rc8 0-1

[Event "SG Ennepe-Ruhr-Süd 1 - SV Dinslaken 1"]
[Site "Oberliga NRW 2016/2017"]
[Date "2017.02.12"]
[Round "6.3"]
[White "Trella, Thomas"]
[Black "Arndt, Stefan"]
[Result "1-0"]
[WhiteElo "2368"]
[BlackElo "2137"]
[PlyCount "61"]
[EventDate "2017.??.??"]
[WhiteTeam "SV Dinslaken 1"]
[BlackTeam "SG Ennepe-Ruhr-Süd 1"]

1. Nf3 d5 2. g3 Nf6 3. Bg2 e6 4. c4 dxc4 5. Qa4+ Bd7 6. Qxc4 c5 7. Ne5 Qc8 8.
Nc3 Nc6 9. Nxd7 Qxd7 10. O-O Rc8 11. b3 Be7 12. Rd1 O-O 13. Bb2 a6 14. Qf4 b5
15. d3 Rfd8 16. Rac1 Nd5 17. Qd2 Nb6 18. Ne4 Nd4 19. h4 f5 20. Ng5 Bxg5 21.
hxg5 c4 22. Qe3 cxb3 23. Rxc8 Nxc8 24. Bxd4 Qxd4 25. Qxe6+ Kh8 26. axb3 Nd6 27.
e3 Qg4 28. Rc1 Qxg5 29. Rc6 Ne8 30. Rc8 Nd6 31. f4 1-0

[Event "SG Ennepe-Ruhr-Süd 1 - SV Dinslaken 1"]
[Site "Oberliga NRW 2016/2017"]
[Date "2017.02.12"]
[Round "6.4"]
[White "Tripolsky, Eugen"]
[Black "Mundorf, Johannes"]
[Result "1-0"]
[WhiteElo "2203"]
[BlackElo "2207"]
[PlyCount "97"]
[EventDate "2017.??.??"]
[WhiteTeam "SG Ennepe-Ruhr-Süd 1"]
[BlackTeam "SV Dinslaken 1"]

1. e4 e6 2. d4 d5 3. Nc3 Nf6 4. Bg5 dxe4 5. Nxe4 Be7 6. Bxf6 gxf6 7. Qd3 f5 8.
Nc3 a6 9. O-O-O b5 10. Qf3 c6 11. h3 Bb7 12. g4 fxg4 13. hxg4 Qb6 14. Bg2 Nd7
15. Nge2 Nf6 16. Kb1 b4 17. Na4 Qb5 18. Nc5 Nd5 19. c4 bxc3 20. Nxc3 Qb4 21.
N3a4 Bc8 22. a3 Qa5 23. Qg3 Qd8 24. Qe5 Bf6 25. Qe4 h6 26. f4 Rb8 27. g5 hxg5
28. fxg5 Rxh1 29. Rxh1 Bg7 30. g6 f5 31. Qe2 Nf4 32. Bxc6+ Ke7 33. Qc2 Qxd4 34.
Rd1 Qe5 35. Qd2 Nd5 36. Bxd5 Qxd5 37. Qg5+ Bf6 38. Qg1 Qe5 39. Nd3 Qd4 40. Qxd4
Bxd4 41. Nb4 Bd7 42. Rxd4 e5 43. Rh4 a5 44. Nd5+ Kd6 45. Nf6 f4 46. Nxd7 Kxd7
47. Nc5+ Kd6 48. Ne4+ Ke6 49. Rh5 1-0

[Event "SG Ennepe-Ruhr-Süd 1 - SV Dinslaken 1"]
[Site "Oberliga NRW 2016/2017"]
[Date "2017.02.12"]
[Round "6.5"]
[White "Walter, Andreas"]
[Black "Heller, Achim"]
[Result "1/2-1/2"]
[WhiteElo "2132"]
[BlackElo "2055"]
[PlyCount "73"]
[EventDate "2017.??.??"]
[WhiteTeam "SV Dinslaken 1"]
[BlackTeam "SG Ennepe-Ruhr-Süd 1"]

1. d4 d5 2. Nf3 Nf6 3. e3 c6 4. c4 e6 5. b3 Bb4+ 6. Nbd2 Ne4 7. Bd3 f5 8. O-O
O-O 9. Ne5 Nxd2 10. Bxd2 Be7 11. Qe1 Nd7 12. Nxd7 Bxd7 13. Bb4 Be8 14. f4 Bh5
15. Rb1 Rb8 16. Bxe7 Qxe7 17. b4 g5 18. Qg3 g4 19. c5 Kh8 20. Qe1 Be8 21. a4 a6
22. b5 axb5 23. axb5 cxb5 24. Bxb5 Bc6 25. Rf2 Rbc8 26. Bxc6 bxc6 27. Rfb2 Rc7
28. Qa5 Ra7 29. Qb6 Qc7 30. Qxc7 Rxc7 31. Ra1 Rfc8 32. Kf2 Kg7 33. Kg3 Kf6 34.
Kh4 Kg6 35. Rb6 Kh6 36. Raa6 Kg6 37. Ra2 1/2-1/2

[Event "SG Ennepe-Ruhr-Süd 1 - SV Dinslaken 1"]
[Site "Oberliga NRW 2016/2017"]
[Date "2017.02.12"]
[Round "6.6"]
[White "Osswald, Luis Monty"]
[Black "Ossig, Rainer"]
[Result "1/2-1/2"]
[WhiteElo "2094"]
[BlackElo "2138"]
[PlyCount "53"]
[EventDate "2017.??.??"]
[WhiteTeam "SG Ennepe-Ruhr-Süd 1"]
[BlackTeam "SV Dinslaken 1"]

1. e4 e6 2. Nf3 d5 3. Nc3 h6 4. d4 Nf6 5. e5 Ne4 6. Qd3 Nxc3 7. bxc3 b6 8. Nd2
Ba6 9. Qg3 Bxf1 10. Nxf1 Qd7 11. h4 Qa4 12. Qd3 c5 13. Ne3 Nc6 14. Bb2 Rc8 15.
O-O Na5 16. f4 cxd4 17. cxd4 Nc4 18. Nxc4 Qxc4 19. Qg3 Rc6 20. Rf2 h5 21. f5
exf5 22. e6 fxe6 23. Qg6+ Kd7 24. Qf7+ Kc8 25. Re1 Rc7 26. Qxe6+ Kb7 27. Rxf5
1/2-1/2

[Event "SG Ennepe-Ruhr-Süd 1 - SV Dinslaken 1"]
[Site "Oberliga NRW 2016/2017"]
[Date "2017.02.12"]
[Round "6.7"]
[White "Hoenig, Alexander"]
[Black "Bruchmann, Norbert"]
[Result "1-0"]
[WhiteElo "2133"]
[BlackElo "2007"]
[PlyCount "57"]
[EventDate "2017.??.??"]
[WhiteTeam "SV Dinslaken 1"]
[BlackTeam "SG Ennepe-Ruhr-Süd 1"]

1. d4 Nf6 2. Nf3 e6 3. Bf4 c5 4. c3 d5 5. e3 Nc6 6. Nbd2 Bd6 7. Bg3 O-O 8. Bd3
b6 9. Ne5 Qc7 10. f4 Ne7 11. Bh4 Bb7 12. Bxf6 gxf6 13. Qh5 f5 14. g4 f6 15.
gxf5 fxe5 16. Rg1+ Kh8 17. fxe5 Nxf5 18. exd6 Qxd6 19. O-O-O Qe7 20. Rdf1 Qf7
21. Qh3 Qd7 22. Nf3 Rf6 23. Ne5 Qe8 24. Bxf5 exf5 25. Rxf5 Qe6 26. Rxf6 Qxf6
27. Qd7 Rf8 28. Qxb7 Qf2 29. Qg7# 1-0

[Event "SG Ennepe-Ruhr-Süd 1 - SV Dinslaken 1"]
[Site "Oberliga NRW 2016/2017"]
[Date "2017.02.12"]
[Round "6.8"]
[White "Schaefer, Martin"]
[Black "Borchert, Rene"]
[Result "1-0"]
[WhiteElo "1931"]
[BlackElo "2115"]
[PlyCount "67"]
[EventDate "2017.??.??"]
[WhiteTeam "SG Ennepe-Ruhr-Süd 1"]
[BlackTeam "SV Dinslaken 1"]

1. d4 d5 2. c4 e6 3. Nf3 Nf6 4. g3 dxc4 5. Bg2 Nc6 6. Qa4 Bb4+ 7. Bd2 Bxd2+ 8.
Nbxd2 O-O 9. Qxc4 Ne7 10. Rc1 c6 11. e4 Qb6 12. Qc5 Qxc5 13. dxc5 b6 14. O-O
Ba6 15. Rfe1 Rab8 16. Re3 Bb5 17. Nb3 Rfd8 18. Nbd4 Kf8 19. b3 Rbc8 20. a4 Ba6
21. b4 g6 22. h3 Nd7 23. Nb3 Nf6 24. Ne5 Nd7 25. Nxd7+ Rxd7 26. b5 Bb7 27. Rec3
Rdc7 28. cxb6 axb6 29. a5 bxa5 30. Nxa5 Ba8 31. b6 Rd7 32. Bf1 Rb8 33. b7 Bxb7
34. Rb3 1-0